000 00714nam a2200253Ia 4500
003 OSt
005 20220926011224.0
006 a|||||r|||| 00| 0
007 ta
008 220923b |||||||| |||| 00| 0 eng d
020 _a013286584X
037 _cGeneral Book
040 _aRTL
_cRTL
_beng
041 _2eng
_aeng
082 _aX:511-8, M7
100 _aUrban Glen L, and others
_9313764
245 0 _aEssentials of new product management
260 _aNew Jersey
_bPrentice-Hall
_c1987
300 _ax, 340p
_ccm.
500 _aBibliography chapterwise
650 _aMarketing
_915998
942 _hX:511-8, M7
_cGB
_2CC
999 _c619422
_d619422